[Event "Dortmund Sparkassen op-A 44th"]
[Site "Dortmund"]
[Date "2016.07.12"]
[Round "4"]
[White "Hecht, Carsten"]
[Black "Meyers, Mark"]
[Result "1-0"]
[WhiteElo "2242"]
[BlackElo "2074"]
[PlyCount "79"]
[EventDate "2016.07.09"]
[EventType "swiss"]
[EventRounds "9"]
[EventCountry "GER"]
[SourceTitle "CBM 173 Extra"]
[Source "ChessBase"]
[SourceDate "2016.08.29"]
[SourceVersion "1"]
[SourceVersionDate "2016.08.29"]
[SourceQuality "1"]

1. e4 c5 2. Nf3 e6 3. d4 cxd4 4. Nxd4 Nf6 5. Bd3 Nc6 6. Nxc6 bxc6 7. c4 d5 8. Nc3 Bb4 9. exd5 Bxc3+ 10. bxc3 cxd5 11. Ba3 Qa5 12. Bb4 Qc7 13. 0-0 dxc4 14. Bc2 Nd5 15. Qd4 Bd7 16. Be4 0-0-0 17. Bxd5 exd5 18. Qxd5 Be6 19. Qa8+ Qb8 20. Qc6+ Qc7 21. Qxc7+ Kxc7 22. Ba5+ Kc6 23. Bxd8 Rxd8 24. Rfd1 Rd3 25. Rxd3 cxd3 26. Kf1 Kb5 27. Ke1 Ka4 28. Kd2 Bc4 29. Re1 Ka3 30. Re5 a6 31. Rc5 Bxa2 32. Ra5+ Kb2 33. Rxa6 Bc4 34. Rb6+ Ka3 35. g3 g6 36. Rb4 Ba6 37. Rf4 f5 38. Rh4 h5 39. Rd4 Bb5 40. Rd6 1-0

[Event "Dortmund Sparkassen op-A 44th"]
[Site "Dortmund"]
[Date "2016.07.11"]
[Round "3"]
[White "Schulze, Marc Andre"]
[Black "Hecht, Carsten"]
[Result "1/2-1/2"]
[WhiteElo "2099"]
[BlackElo "2242"]
[PlyCount "50"]
[EventDate "2016.07.09"]
[EventType "swiss"]
[EventRounds "9"]
[EventCountry "GER"]
[SourceTitle "CBM 173 Extra"]
[Source "ChessBase"]
[SourceDate "2016.08.29"]
[SourceVersion "1"]
[SourceVersionDate "2016.08.29"]
[SourceQuality "1"]

1. d4 Nf6 2. Bf4 g6 3. Nf3 Bg7 4. e3 d6 5. h3 0-0 6. Be2 b6 7. 0-0 Bb7 8. c4 Nbd7 9. Nc3 Ne4 10. Nxe4 Bxe4 11. Ng5 Bb7 12. Bf3 Qc8 13. Bxb7 Qxb7 14. Qf3 Rab8 15. Qxb7 Rxb7 16. Nf3 b5 17. cxb5 Rxb5 18. Rac1 c5 19. b3 a5 20. Rfd1 h6 21. e4 Rd8 22. e5 cxd4 23. Nxd4 Rd5 24. Nc6 Rxd1+ 25. Rxd1 Bxe5 1/2-1/2

[Event "Dortmund Sparkassen op-A 44th"]
[Site "Dortmund"]
[Date "2016.07.10"]
[Round "2"]
[White "Hecht, Carsten"]
[Black "Oezen, Alf"]
[Result "1-0"]
[WhiteElo "2242"]
[BlackElo "1970"]
[PlyCount "47"]
[EventDate "2016.07.09"]
[EventType "swiss"]
[EventRounds "9"]
[EventCountry "GER"]
[SourceTitle "CBM 173 Extra"]
[Source "ChessBase"]
[SourceDate "2016.08.29"]
[SourceVersion "1"]
[SourceVersionDate "2016.08.29"]
[SourceQuality "1"]

1. e4 c5 2. Nf3 d6 3. d4 cxd4 4. Nxd4 Nf6 5. Nc3 a6 6. Bg5 Nbd7 7. Qe2 Qa5 8. f4 Nc5 9. Bxf6 gxf6 10. 0-0-0 b5 11. Kb1 Rg8 12. Nf5 Be6 13. Nd5 b4 14. b3 Rg6 15. g3 Bd7 16. Bg2 Bb5 17. Qe3 Rc8 18. h4 Qd8 19. h5 Rg8 20. e5 fxe5 21. fxe5 Ne6 22. Nxd6+ exd6 23. Nf6+ Ke7 24. Nxg8+ 1-0

[Event "NRW Class1 1516"]
[Site "Germany"]
[Date "2016.04.03"]
[Round "8.3"]
[White "Bee, Marcus"]
[Black "Hecht, Carsten"]
[Result "1/2-1/2"]
[WhiteElo "2175"]
[BlackElo "2207"]
[PlyCount "40"]
[EventDate "2015.09.27"]
[EventType "team-tourn"]
[EventRounds "9"]
[EventCountry "GER"]
[SourceTitle "EXT 2017"]
[Source "ChessBase"]
[SourceDate "2016.10.25"]
[SourceVersion "1"]
[SourceVersionDate "2016.10.25"]
[SourceQuality "1"]
[WhiteTeam "Katernberg II"]
[BlackTeam "Lippstadt Turm"]
[WhiteTeamCountry "GER"]
[BlackTeamCountry "GER"]

1. Nf3 Nf6 2. c4 g6 3. g3 Bg7 4. Bg2 d5 5. cxd5 Nxd5 6. Nc3 Nb6 7. 0-0 0-0 8. d3 Nc6 9. Be3 e5 10. Rc1 Nd4 11. a3 c6 12. Ne4 Qe7 13. Nxd4 exd4 14. Bg5 f6 15. Bd2 Nd5 16. Re1 Be6 17. Qc2 Rfe8 18. Qc5 Qd7 19. Qc2 Qe7 20. Qc5 Qd7 1/2-1/2

[Event "Paderborn op 12th"]
[Site "Paderborn"]
[Date "2015.12.30"]
[Round "7"]
[White "Hecht, Carsten"]
[Black "Harff, Marcel"]
[Result "1/2-1/2"]
[WhiteElo "2159"]
[BlackElo "2359"]
[PlyCount "37"]
[EventDate "2015.12.27"]
[EventType "swiss"]
[EventRounds "7"]
[EventCountry "GER"]
[SourceTitle "CBM 170 Extra"]
[Source "ChessBase"]
[SourceDate "2016.02.25"]
[SourceVersion "1"]
[SourceVersionDate "2016.02.25"]
[SourceQuality "1"]

1. e4 e6 2. d4 d5 3. Nc3 dxe4 4. Nxe4 Nd7 5. Nf3 Ngf6 6. Nxf6+ Nxf6 7. Bd3 c5 8. dxc5 Bxc5 9. 0-0 0-0 10. Bg5 Be7 11. Qe2 Qb6 12. c3 Bd7 13. Ne5 Bc6 14. Nxc6 Qxc6 15. Rad1 Rfd8 16. Bc2 g6 17. Bb3 a5 18. Rxd8+ Bxd8 19. Qc4 1/2-1/2